000 00301nam a2200145Ia 4500
100 _aGupta/ A.
490 _vI
942 _cBK
654 _aCalculations
245 _aWorkshop Calculations & Science
260 _bNew Heights
_aDelhi
_c1977
082 _a500
300 _a104
546 _aENGLISH
999 _c29402
_d29402